[Event "SVK-chT2D 2223"]
[Site "Slovakia"]
[Date "2022.11.13"]
[Round "4.5"]
[White "Panko, Eduard1111"]
[Black "Majlath, Zdenko"]
[Result "1-0"]
[WhiteElo "2038"]
[BlackElo "1909"]
[PlyCount "69"]
[EventDate "2022.10.08"]
[EventType "team-tourn"]
[EventRounds "11"]
[EventCountry "SVK"]
[SourceTitle "EXT 2024"]
[Source "ChessBase"]
[SourceDate "2023.10.10"]
[SourceVersion "1"]
[SourceVersionDate "2023.10.10"]
[SourceQuality "1"]
[WhiteTeam "Stropkov/Svidnik"]
[BlackTeam "Gelnica Slovan"]
[WhiteTeamCountry "SVK"]
[BlackTeamCountry "SVK"]

1. b3 d5 2. Bb2 Bf5 3. e3 e6 4. f4 Nf6 5. Nf3 Nbd7 6. Be2 Be7 7. 0-0 0-0 8. Nh4 Ne4 9. Nxf5 exf5 10. d3 Nef6 11. Rf3 g6 12. Rh3 Ne8 13. Nd2 Bf6 14. c3 Qe7 15. Qc2 Nd6 16. Re1 Rae8 17. Ba3 c5 18. Bf3 Nb5 19. Bb2 d4 20. c4 Nd6 21. e4 fxe4 22. dxe4 Bg7 23. Qd3 f6 24. Re2 Nf7 25. Nf1 Qe6 26. Bc1 b6 27. Ng3 Bh6 28. Rh4 Qe7 29. Bd2 Bg7 30. Rh3 Qd6 31. Nh1 Bh6 32. g3 Qe6 33. Nf2 Qe7 34. Bg2 Bg7 35. Re1 1-0

[Event "SVK-chT2D 1314"]
[Site "Slovakia"]
[Date "2014.02.23"]
[Round "9.4"]
[White "Balazs, Attila2222"]
[Black "Majlath, Zdenko"]
[Result "1/2-1/2"]
[WhiteElo "1952"]
[BlackElo "1994"]
[PlyCount "91"]
[EventDate "2013.10.19"]
[EventType "team-tourn"]
[EventRounds "11"]
[EventCountry "SVK"]
[SourceTitle "EXT 2015"]
[Source "ChessBase"]
[SourceDate "2014.11.20"]
[SourceVersion "1"]
[SourceVersionDate "2014.11.20"]
[SourceQuality "1"]
[WhiteTeam "Kosice Slavia TU IV"]
[BlackTeam "Gelnica Slovan"]
[WhiteTeamCountry "SVK"]
[BlackTeamCountry "SVK"]

1. e4 c6 2. d4 d5 3. exd5 cxd5 4. Nf3 Nc6 5. Bd3 Nf6 6. c3 Bg4 7. h3 Bh5 8. Bf4 e6 9. Nbd2 Bd6 10. Be3 0-0 11. 0-0 Rc8 12. Re1 Re8 13. Qa4 a6 14. Rac1 Qd7 15. Qd1 Qd8 16. Be2 Bb8 17. b4 Qd6 18. Nf1 Ne4 19. Ng5 Bg6 20. Nf3 Bh5 21. Nh4 Bxe2 22. Rxe2 Ne7 23. Qe1 Nf6 24. g3 Qd7 25. Nf3 Ng6 26. Kg2 Ne4 27. Rec2 b5 28. N3d2 f5 29. f4 Bd6 30. Nb3 Rc6 31. Nfd2 Rec8 32. Nf3 Bxb4 33. Nc5 Bxc5 34. dxc5 Nxc5 35. Bxc5 Rxc5 36. Nd4 Nf8 37. Re2 b4 38. Nxe6 Nxe6 39. Rxe6 bxc3 40. Re7 Qc6 41. Re6 Qa4 42. Re7 d4 43. Rxg7+ Kxg7 44. Qe7+ Kg8 45. Qe6+ Kf8 46. Qf6+ 1/2-1/2

[Event "SVK-chT2D 1314"]
[Site "Slovakia"]
[Date "2014.01.12"]
[Round "6.4"]
[White "Majlath, Zdenko"]
[Black "Dzurenda, Stefan"]
[Result "0-1"]
[WhiteElo "1994"]
[BlackElo "2110"]
[PlyCount "124"]
[EventDate "2013.10.19"]
[EventType "team-tourn"]
[EventRounds "11"]
[EventCountry "SVK"]
[SourceTitle "EXT 2015"]
[Source "ChessBase"]
[SourceDate "2014.11.20"]
[SourceVersion "1"]
[SourceVersionDate "2014.11.20"]
[SourceQuality "1"]
[WhiteTeam "Gelnica Slovan"]
[BlackTeam "Spisska Nova Ves"]
[WhiteTeamCountry "SVK"]
[BlackTeamCountry "SVK"]

1. e4 e5 2. Nf3 Nc6 3. Nc3 Nf6 4. d3 Be7 5. Be2 0-0 6. 0-0 d5 7. exd5 Nxd5 8. Bd2 Be6 9. Nxd5 Bxd5 10. Bc3 Bf6 11. Nd2 g6 12. Re1 Bg7 13. Bf3 Qd7 14. Bxd5 Qxd5 15. Qf3 Rad8 16. Qxd5 Rxd5 17. Re2 b5 18. a3 f5 19. Nb3 Ra8 20. Rae1 a5 21. Ra1 a4 22. Nd2 g5 23. h3 h5 24. Rae1 g4 25. hxg4 hxg4 26. Nf1 Nd4 27. Bxd4 Rxd4 28. Ng3 Rf8 29. Nf1 Kh7 30. g3 Kg6 31. Kg2 Rd5 32. Nh2 c5 33. f3 gxf3+ 34. Nxf3 Re8 35. Nh4+ Kg5 36. Nf3+ Kg6 37. Nh4+ Kg5 38. Nf3+ Kg4 39. Nh2+ Kh5 40. Nf3 Bf6 41. Rh1+ Kg6 42. Nd2 Bg5 43. Nf3 Bf6 44. Nd2 Red8 45. Nf3 c4 46. dxc4 bxc4 47. Nh4+ Bxh4 48. Rxh4 Rd2 49. Kf2 e4 50. Rh1 Rxe2+ 51. Kxe2 Rb8 52. Rb1 Kg5 53. Kd2 Kg4 54. Rf1 Rxb2 55. Kc3 Ra2 56. Kxc4 Rxa3 57. c3 Rb3 58. Ra1 Kxg3 59. Rxa4 Rb1 60. Kd4 Kf3 61. Ra2 e3 62. Kd3 Rd1+ 0-1

[Event "SVK-chT2D 1314"]
[Site "Slovakia"]
[Date "2013.10.19"]
[Round "1.3"]
[White "Mrva, Vladimir"]
[Black "Majlath, Zdenko"]
[Result "1-0"]
[WhiteElo "2177"]
[BlackElo "1994"]
[PlyCount "45"]
[EventDate "2013.10.19"]
[EventType "team-tourn"]
[EventRounds "11"]
[EventCountry "SVK"]
[SourceTitle "EXT 2015"]
[Source "ChessBase"]
[SourceDate "2014.11.20"]
[SourceVersion "1"]
[SourceVersionDate "2014.11.20"]
[SourceQuality "1"]
[WhiteTeam "Sabinov II"]
[BlackTeam "Gelnica Slovan"]
[WhiteTeamCountry "SVK"]
[BlackTeamCountry "SVK"]

1. e4 c6 2. c4 d5 3. exd5 cxd5 4. cxd5 Nf6 5. Bb5+ Bd7 6. Bc4 Qa5 7. Qb3 b5 8. Be2 Na6 9. Nf3 Nc5 10. Qa3 Qb6 11. d4 Nce4 12. Qb3 b4 13. 0-0 e6 14. dxe6 Bxe6 15. Bc4 0-0-0 16. Bxe6+ fxe6 17. Nbd2 Nxd2 18. Bxd2 Nd5 19. Rac1+ Kb7 20. Ne5 Qxd4 21. Nc6 Qxd2 22. Nxd8+ Kb8 23. Qc4 1-0

[Event "SVK-chT2D 1213"]
[Site "Slovakia"]
[Date "2012.12.02"]
[Round "4.3"]
[White "Majlath, Zdenko"]
[Black "Harvan, Richard"]
[Result "1/2-1/2"]
[WhiteElo "2007"]
[BlackElo "2027"]
[PlyCount "23"]
[EventDate "2012.10.13"]
[EventType "team-tourn"]
[EventRounds "11"]
[EventCountry "SVK"]
[SourceTitle "EXT 2015"]
[Source "ChessBase"]
[SourceDate "2014.11.20"]
[SourceVersion "1"]
[SourceVersionDate "2014.11.20"]
[SourceQuality "1"]
[WhiteTeam "Gelnica Slovan"]
[BlackTeam "Kosice SK"]
[WhiteTeamCountry "SVK"]
[BlackTeamCountry "SVK"]

1. e4 c5 2. c3 Nf6 3. e5 Nd5 4. d4 Nc6 5. Nf3 cxd4 6. cxd4 d6 7. exd6 Qxd6 8. Nc3 g6 9. Be2 Bf5 10. 0-0 Bg7 11. Qb3 Nxc3 12. bxc3 1/2-1/2

[Event "SVK-chT2D 1112"]
[Site "Slovakia"]
[Date "2012.01.29"]
[Round "9.2"]
[White "Holtman, Teodor"]
[Black "Majlath, Zdenko"]
[Result "1/2-1/2"]
[WhiteElo "1865"]
[BlackElo "2030"]
[PlyCount "180"]
[EventDate "2011.10.08"]
[EventType "team-tourn"]
[EventRounds "11"]
[EventCountry "SVK"]
[SourceTitle "EXT 2013"]
[Source "ChessBase"]
[SourceDate "2012.11.22"]
[SourceVersion "1"]
[SourceVersionDate "2012.11.22"]
[SourceQuality "1"]
[WhiteTeam "Zborov Magura"]
[BlackTeam "Gelnica Slovan"]
[WhiteTeamCountry "SVK"]
[BlackTeamCountry "SVK"]

1. e4 c6 2. d4 d5 3. exd5 cxd5 4. c4 Nf6 5. Nc3 e6 6. Nf3 Nc6 7. Be3 Be7 8. cxd5 Nxd5 9. Bc4 Nxc3 10. bxc3 0-0 11. 0-0 Bf6 12. Bf4 Qa5 13. Qb3 Qf5 14. Bd6 Rd8 15. Bg3 Na5 16. Qb4 Nxc4 17. Qxc4 b6 18. Bc7 Re8 19. Qc6 Ba6 20. Rfc1 Rec8 21. Qd6 Bb7 22. Ne1 Bh4 23. Rc2 Bf6 24. Qf4 Qa5 25. Qg3 Qa4 26. Be5 Bxe5 27. Qxe5 Bd5 28. Rac1 Qa3 29. Qe2 Bc4 30. Qd2 Bd5 31. f3 Bc4 32. Nd3 Bxd3 33. Qxd3 h6 34. Rb1 Rc7 35. Rb3 Qd6 36. a4 Rd8 37. Rd2 Rcd7 38. Qb5 Qf4 39. Re2 Rc7 40. Qe5 Qxe5 41. Rxe5 Rc4 42. a5 bxa5 43. Rxa5 Rdc8 44. Rxa7 Rxc3 45. Rxc3 Rxc3 46. Rd7 Rd3 47. Kf2 Rd2+ 48. Kf1 Kf8 49. Rd8+ Ke7 50. Rg8 g6 51. Rh8 h5 52. Ra8 Rxd4 53. Kf2 Kf6 54. Ra7 h4 55. Ra2 g5 56. g4 Rb4 57. Re2 Ra4 58. Kg2 Ra5 59. Kf2 Re5 60. Rxe5 Kxe5 61. Ke3 f5 62. gxf5 exf5 63. Ke2 h3 64. Ke3 Kd5 65. Kf2 Kd4 66. Ke2 f4 67. Kd2 Kc4 68. Kc2 Kd4 69. Kd2 Ke5 70. Ke2 Kf5 71. Kf2 Ke6 72. Ke1 Kd5 73. Kd1 Kc5 74. Kc1 Kb4 75. Kd2 Kc4 76. Kc2 Kd4 77. Kd2 Ke5 78. Ke2 Kf5 79. Kf2 g4 80. fxg4+ Kxg4 81. Ke2 Kf5 82. Kf3 Ke5 83. Kf2 Ke4 84. Ke2 f3+ 85. Kf2 Kf4 86. Kf1 Kf5 87. Kf2 Ke4 88. Kf1 Ke3 89. Ke1 f2+ 90. Kf1 Kf3 1/2-1/2

[Event "SVK-chT2D 0809"]
[Site "Slovakia"]
[Date "2009.02.01"]
[Round "9.3"]
[White "Majlath, Zdenko"]
[Black "Koval, Maros"]
[Result "1-0"]
[WhiteElo "2035"]
[BlackElo "2067"]
[PlyCount "101"]
[EventDate "2008.10.11"]
[EventType "team-tourn"]
[EventRounds "11"]
[EventCountry "SVK"]
[SourceTitle "EXT 2010"]
[Source "ChessBase"]
[SourceDate "2010.11.25"]
[SourceVersion "1"]
[SourceVersionDate "2010.11.25"]
[SourceQuality "1"]
[WhiteTeam "Gelnica Slovan"]
[BlackTeam "Presov Prvy Sk"]
[WhiteTeamCountry "SVK"]
[BlackTeamCountry "SVK"]

1. e4 c5 2. c3 d5 3. exd5 Qxd5 4. d4 cxd4 5. cxd4 Nc6 6. Nf3 e5 7. Nc3 Bb4 8. Bd2 Bxc3 9. Bxc3 e4 10. Ne5 Nxe5 11. dxe5 Ne7 12. Qa4+ Bd7 13. Qa3 Bg4 14. h3 Bh5 15. Qa4+ Nc6 16. Bc4 Qd7 17. g4 Bg6 18. Rd1 Qe7 19. Bd5 0-0 20. Bxc6 bxc6 21. Qxc6 Qh4 22. Qc5 Rfe8 23. Qe3 Re6 24. Qg3 Qe7 25. 0-0 h5 26. Rd6 hxg4 27. hxg4 Rd8 28. Rfd1 Rdxd6 29. Rxd6 Rxd6 30. exd6 Qd7 31. Kh2 Qe6 32. Qe5 Qxe5+ 33. Bxe5 Kf8 34. Bxg7+ Ke8 35. Be5 Kd7 36. Kg3 Ke6 37. Bd4 Kxd6 38. Bxa7 Kd5 39. Kf4 Kc4 40. Ke5 Kb4 41. Kf6 Kc4 42. Be3 Kb5 43. b3 Kb4 44. a4 Ka5 45. Bd2+ Ka6 46. b4 Kb6 47. b5 Kb7 48. Be3 Kb8 49. a5 Kb7 50. a6+ Ka8 51. b6 1-0

[Event "SVK-chT2D 0809"]
[Site "Slovakia"]
[Date "2008.11.09"]
[Round "4.5"]
[White "Stec, Juraj"]
[Black "Majlath, Zdenko"]
[Result "1-0"]
[WhiteElo "2036"]
[BlackElo "2035"]
[PlyCount "51"]
[EventDate "2008.10.11"]
[EventType "team-tourn"]
[EventRounds "11"]
[EventCountry "SVK"]
[SourceTitle "EXT 2010"]
[Source "ChessBase"]
[SourceDate "2010.11.25"]
[SourceVersion "1"]
[SourceVersionDate "2010.11.25"]
[SourceQuality "1"]
[WhiteTeam "Kosice Akademik"]
[BlackTeam "Gelnica Slovan"]
[WhiteTeamCountry "SVK"]
[BlackTeamCountry "SVK"]

1. e4 e5 2. Nf3 Nc6 3. c3 d6 4. d4 exd4 5. cxd4 Nf6 6. Nc3 Be7 7. Bb5 Bd7 8. 0-0 0-0 9. Bg5 a6 10. Bd3 Bg4 11. Be3 Qd7 12. Rc1 Nd8 13. Qe2 c6 14. Bb1 Bxf3 15. Qxf3 Qg4 16. Qxg4 Nxg4 17. Bd2 Nf6 18. f3 Ne6 19. Be3 Rac8 20. Rfd1 Bd8 21. e5 Ne8 22. f4 dxe5 23. dxe5 Be7 24. f5 Bg5 25. Bxg5 Nxg5 26. h4 1-0

[Event "SVK-chT2D 0506"]
[Site "Slovakia"]
[Date "2005.10.23"]
[Round "2.3"]
[White "Juhar, Roman"]
[Black "Majlath, Zdenko"]
[Result "1-0"]
[WhiteElo "2040"]
[BlackElo "2063"]
[PlyCount "72"]
[EventDate "2005.10.22"]
[EventType "team-tourn"]
[EventRounds "11"]
[EventCountry "SVK"]
[SourceTitle "EXT 2009"]
[Source "ChessBase"]
[SourceDate "2008.11.26"]
[SourceVersion "1"]
[SourceVersionDate "2008.11.26"]
[SourceQuality "1"]

1. e4 c6 2. Nf3 d5 3. Nc3 Bg4 4. h3 Bxf3 5. Qxf3 dxe4 6. Nxe4 Nf6 7. Bc4 e6 8. d3 Nxe4 9. dxe4 Nd7 10. Qg3 Qa5+ 11. c3 Qe5 12. Qxe5 Nxe5 13. Be2 Bc5 14. Bf4 Ng6 15. Bg3 0-0 16. 0-0-0 Rfd8 17. a4 Bb6 18. b4 h6 19. a5 Rxd1+ 20. Rxd1 Bd8 21. Rd7 Bg5+ 22. Kb1 b6 23. a6 Nf4 24. Bf3 e5 25. Rc7 c5 26. bxc5 Ne6 27. cxb6 axb6 28. Rb7 Rxa6 29. Bxe5 Nc5 30. Rb8+ Kh7 31. Bc7 Na4 32. Kc2 Be7 33. e5 Bc5 34. Be4+ g6 35. f3 Ra7 36. Bb7 Bf2 1-0

[Event "SVK-chT2D 0506"]
[Site "Slovakia"]
[Date "2005.10.22"]
[Round "1.3"]
[White "Majlath, Zdenko"]
[Black "Viszlai, Alexander"]
[Result "1/2-1/2"]
[WhiteElo "2063"]
[BlackElo "2061"]
[PlyCount "31"]
[EventDate "2005.10.22"]
[EventType "team-tourn"]
[EventRounds "11"]
[EventCountry "SVK"]
[SourceTitle "EXT 2009"]
[Source "ChessBase"]
[SourceDate "2008.11.26"]
[SourceVersion "1"]
[SourceVersionDate "2008.11.26"]
[SourceQuality "1"]

1. e4 e5 2. Nf3 Nc6 3. Nc3 Nf6 4. Bb5 Nd4 5. Nxd4 exd4 6. e5 dxc3 7. exf6 Qxf6 8. dxc3 Be7 9. 0-0 0-0 10. Bd3 c6 11. c4 d6 12. Re1 Be6 13. Be3 d5 14. cxd5 Bxd5 15. c4 Be6 16. Qc2 1/2-1/2

[Event "Presov-B3"]
[Site "Presov"]
[Date "2004.??.??"]
[Round "8"]
[White "Kovac, Lubomir"]
[Black "Majlath, Zdenko"]
[Result "1/2-1/2"]
[WhiteElo "2141"]
[BlackElo "2061"]
[PlyCount "73"]
[EventDate "2004.??.??"]
[EventType "tourn"]
[EventRounds "9"]
[EventCountry "SVK"]
[SourceTitle "EXT 2007"]
[Source "ChessBase"]
[SourceDate "2006.11.23"]
[SourceVersion "1"]
[SourceVersionDate "2006.11.23"]
[SourceQuality "1"]

1. d4 d5 2. c4 c6 3. Nf3 Nf6 4. Nc3 e6 5. e3 Be7 6. Bd3 0-0 7. 0-0 Nbd7 8. Qe2 Qc7 9. Bd2 e5 10. cxd5 Nxd5 11. Nxd5 cxd5 12. dxe5 Nxe5 13. Rac1 Nxf3+ 14. Qxf3 Qe5 15. Bc3 Qg5 16. Qg3 Qh6 17. Be5 Bf6 18. Rc7 b6 19. Rfc1 Be6 20. a3 Rfd8 21. Bd4 Bxd4 22. exd4 Qf6 23. Qe3 g6 24. Bb5 a6 25. Ba4 h5 26. R1c6 b5 27. Bb3 Qf5 28. Bc2 Qf6 29. h4 Re8 30. g3 a5 31. Qg5 Qxg5 32. hxg5 b4 33. axb4 axb4 34. Rb6 Ra1+ 35. Kg2 Bg4 36. Bxg6 fxg6 37. Rxg6+ 1/2-1/2

[Event "Presov-B3"]
[Site "Presov"]
[Date "2004.??.??"]
[Round "2"]
[White "Majlath, Zdenko"]
[Black "Banoci, Jaroslav"]
[Result "0-1"]
[WhiteElo "2061"]
[BlackElo "2080"]
[PlyCount "110"]
[EventDate "2004.??.??"]
[EventType "tourn"]
[EventRounds "9"]
[EventCountry "SVK"]
[SourceTitle "EXT 2007"]
[Source "ChessBase"]
[SourceDate "2006.11.23"]
[SourceVersion "1"]
[SourceVersionDate "2006.11.23"]
[SourceQuality "1"]

1. e4 d6 2. d4 Nf6 3. Nc3 g6 4. Bc4 Bg7 5. Qe2 c6 6. e5 dxe5 7. dxe5 Nd5 8. Bd2 Be6 9. Nf3 Nxc3 10. Bxc3 Bxc4 11. Qxc4 0-0 12. 0-0 Na6 13. Rad1 Qc8 14. Qh4 f6 15. exf6 exf6 16. Rfe1 Rf7 17. Nd4 Nc7 18. Re3 Nd5 19. Red3 Re7 20. Bd2 Qe8 21. c4 Re4 22. f4 g5 23. Qf2 Nxf4 24. Bxf4 Rxf4 25. Qc2 f5 26. Nxf5 Rxf5 27. Rh3 Bd4+ 28. Kh1 Qf7 29. Qd3 Rf8 30. Rf3 c5 31. Rdf1 Rf4 32. Rxf4 gxf4 33. h3 Qg6 34. Qf3 Qf7 35. b3 Kh8 36. Qg4 Qg7 37. Qf3 Rg8 38. Qe4 Be3 39. Rd1 Bd4 40. Rf1 Be5 41. Re1 Bd4 42. Rf1 Be3 43. Rd1 b6 44. Rf1 a6 45. Rd1 b5 46. Qc6 b4 47. Qe4 a5 48. Rf1 Qd4 49. Qf3 Rd8 50. Qh5 Rg8 51. Rd1 Qe4 52. Qe2 Rf8 53. Re1 Rd8 54. Rf1 Qd3 55. Qf3 Re8 0-1